00475nas a2200169za 4500003000400000005001700004008004100021040000800062245007200070260004700142300001700189310001400206650002900220650003300249942000800282999001500290IIN20250204111253.0250204c |||gr||| |||| 00| 0 eng d aIIN aNursing: International journal of Medical-Surgical Nursing (NIJMSN) aMaharashtrabInnovational Publishersc2014 avol. 1 no. 1 aQuarterly aMedical-Surgical Nursing aNursing - Medical - Surgical cSER c1671d1671